• 首页
  • 本馆介绍
  • 公告通知
  • 最新文献
  • 馆藏检索
  • 电子资源
  • 读者导购
  • 参考咨询
  • 我的图书馆
  • 登录
  • 详细信息显示
  • 放入我的书架
  • 预约/预借图书
  • 作者相关作品
  • 分类相关作品
  • 丛书相关作品
  • 出版社相关作品

书目信息

  • 表格格式
  • 工作单格式
  • 卡片格式
题名:
汉语方音字汇
    
 
作者: 北京大学中国语言文学系、语言学教研室 编 ;北京大学中国语言文学系语言学教研室 编
分册:  
出版信息: 北京   语文出版社  2003
页数: 41,375,33页
开本: 26cm
丛书名:
单 册:
中图分类: H17
科图分类:
主题词: 方言字 , 汉语方言 , 汉语方言--方言字--汇编
电子资源:
ISBN: 7-80184-034-8
000 01534nam0 2200385 450
000 01497nam0 2200373 450
000 01346nam0 2200361 450
000 01309nam0 2200349 450
000 01327nam0 2200337 450
000 01290nam0 2200325 45
001 TS2006022950
005 20061221101711.98
010    @a7-80184-034-8@dCNY48.00
092    @aCN@bTS01-025540
100    @a20060829d2003 em y0chiy0110 ea
101 0  @achi
102    @aCN@b110000
105    @ay z 001yy
200 1  @a汉语方音字汇@AHan Yu Fang Yin Zi Hui@f北京大学中国语言文学系、语言学教研室编@Fbei jing da xue zhong guo yu yan wen xue xi、yu yan xue jiao yan shi bian
205    @a2版@b重排本
210    @a北京@c语文出版社@d2003
215    @a41,375,33页@d26cm
305    @a版次依二版书目著录
330    @a本书收入北京,济南,西安,扬州,广州,厦门等二十个汉语方言地区的、基本上可以代表汉语的各大方言的字音材料,共收入3000个字目。
606 0  @a方言字
606 0  @a汉语方言
606 0  @a汉语方言@x方言字@x汇编
690    @aH17@v4
701  0 @a北京大学中国语言文学系、语言学教研室@Abei jing da xue zhong guo yu yan wen xue xi、yu yan xue jiao yan shi@4编
711 02 @a北京大学中国语言文学系语言学教研室@ABei Jing Da Xue Zhong Guo Yu Yan Wen Xue Xi Yu Yan Xue Jiao Yan Shi@4编
801  0 @aCN@b中图数据@c20061221
905    @a10447@dH17@e10=2≈2
    
    汉语方音字汇/北京大学中国语言文学系、语言学教研室编.-2版,重排本.-北京:语文出版社,2003
    41,375,33页;26cm
    
    
    ISBN 7-80184-034-8:CNY48.00
    本书收入北京,济南,西安,扬州,广州,厦门等二十个汉语方言地区的、基本上可以代表汉语的各大方言的字音材料,共收入3000个字目。
●
相关链接 在E读中查询图书 在五车中查询图书 在当当中查询图书 在豆瓣中查询图书


正题名:汉语方音字汇     索取号:H17/10=2≈2         预约/预借

序号 登录号 条形码 馆藏地/架位号 状态 备注
1 0616496   206164960   第二样本阅览室/ [索取号:H17/10=2≈2] 在馆    
2 0616497   206164979   第四借阅区/ [索取号:H17/10=2≈2] 在馆    
3 0616498   206164988   第四借阅区/ [索取号:H17/10=2≈2] 在馆    
4 0616499   206164997   第四借阅区/ [索取号:H17/10=2≈2] 在馆    
5 0616500   206165004   第四借阅区/ [索取号:H17/10=2≈2] 在馆    
唐山师范学院图书馆 欢迎您!
大连网信软件有限公司© 版权所有